[Event "TCh-POL Ekstraliga"]
[Site "Lubniewice POL"]
[Date "2005.09.07"]
[Round "5"]
[White "Dobrowolski,P"]
[Black "Rutkowski,M"]
[Result "1-0"]
[WhiteElo "2388"]
[BlackElo "2358"]

1.e4 c5 2.Nf3 Nc6 3.Bb5 e6 4.Bxc6 bxc6 5.d3 Ne7 6.Qe2 Ng6 7.h4 h5 8.e5 f6
9.Qe4 f5 10.Qe2 Be7 11.Na3 Nxh4 12.Nxh4 Bxh4 13.Nc4 g6 14.Nd6+ Kf8 15.Be3 Bg5
16.Qd2 Bxe3 17.Qxe3 Kg7 18.O-O-O Rb8 19.Kb1 Ba6 20.c4 g5 21.Rd2 Kg6 22.f3 Qa5
23.Rc2 h4 24.Qf2 Rh7 25.f4 g4 26.Rxh4 Rbh8 27.Rxh7 Rxh7 28.a3 Rh1+ 29.Rc1 Rh2
30.Qg3 Rh8 31.Qe3 Qb6 32.Rg1 Qb3 33.Qd2 Rh2 34.Rc1 Qb8 35.Qf2 Qh8 36.Rc2 Qh4
37.Qxc5 Qe1+ 38.Ka2 Qd1 39.Rc3 Qd2 40.Qxa7 Rxg2 41.Rb3 Qxf4 42.Qxd7 Qxe5
43.Qe8+ Kg7 44.Qxc6  1-0

[Event "TCh-POL Ekstraliga"]
[Site "Lubniewice POL"]
[Date "2005.09.08"]
[Round "6"]
[White "Macieja,B"]
[Black "Jakubiec,A"]
[Result "1-0"]
[WhiteElo "2593"]
[BlackElo "2538"]

1.e4 c5 2.Nf3 Nc6 3.Bb5 g6 4.Bxc6 bxc6 5.O-O Bg7 6.h3 Nh6 7.c3 O-O 8.d4 cxd4
9.cxd4 f6 10.Qc2 Qa5 11.Rd1 Nf7 12.Be3 Qa6 13.Rd3 d6 14.Ra3 Qb7 15.Nbd2 f5
16.Rc1 fxe4 17.Rb3 Qc7 18.Qxe4 Nd8 19.Qh4 Rf5 20.g4 Rd5 21.Bh6 Ne6 22.Bxg7 Kxg7
23.Re1 g5 24.Qg3 Nxd4 25.Nxd4 Rxd4 26.Qe3 Rf4 27.Qxe7+ Qxe7 28.Rxe7+ Rf7
29.Rxf7+ Kxf7 30.Ne4 d5 31.Nxg5+ Kf6 32.f4 h6 33.Nf3 c5 34.Rb5 h5 35.Ne5 Be6
36.Rxc5 Rg8 37.Rc6 Ke7 38.Rc7+ Kd6 39.Rc6+ Ke7 40.Kg2 hxg4 41.hxg4 Bxg4 42.Nxg4 Rxg4+
43.Kf3 Rg1 44.Ra6 Re1 45.Rxa7+ Ke6 46.Ra6+ Kf5 47.Rd6 Rd1 48.Ke2 Rd4 49.Ke3 Rd1
50.Ke2 Rd4 51.Ke3 Rd1 52.a4 Kg4 53.a5 Rb1 54.Rxd5 Rxb2 55.Rg5+ Kh4 56.Kd4 Rb4+
57.Kc5 Rxf4 58.Rd5  1-0

[Event "FSIMA September"]
[Site "Budapest HUN"]
[Date "2005.09.09"]
[Round "7"]
[White "Mihok,O"]
[Black "Bernard,Ja"]
[Result "0-1"]
[WhiteElo "2157"]
[BlackElo "2252"]

1.e4 c5 2.Nf3 Nc6 3.Bb5 d6 4.O-O Bd7 5.c3 Nf6 6.Re1 a6 7.Bf1 Bg4 8.h3 Bxf3
9.Qxf3 g6 10.d3 Bg7 11.Be3 Rc8 12.Nd2 O-O 13.Rad1 b5 14.a3 Nd7 15.Nb1 Nb6
16.Qe2 Na4 17.f4 Qa5 18.b4 Qd8 19.Rc1 a5 20.bxc5 dxc5 21.e5 Qd7 22.Qa2 Rfd8
23.Red1 Bh6 24.d4 c4 25.g3 Nb6 26.d5 Nxd5 27.Bg2 Qe6 28.Bf2 Bxf4 29.Bxd5 Rxd5
30.gxf4 Rcd8 31.Rxd5 Rxd5 32.Kg2 Rd3 33.Rh1 Qd5+ 34.Kh2 Qf3 35.Rf1 Qxh3+
36.Kg1 Qg4+  0-1

[Event "IX Taca BCX"]
[Site "Brasiliat BRA"]
[Date "2005.09.11"]
[Round "11"]
[White "Valle,A"]
[Black "Andrade,Rob"]
[Result "1/2-1/2"]
[WhiteElo "2270"]
[BlackElo "2261"]

1.e4 c5 2.Nf3 Nc6 3.Bb5 d6 4.O-O Bd7 5.c3 Nf6 6.Re1 a6 7.Bf1 Bg4 8.d3 g6
9.Nbd2 Bh6 10.h3 Bxf3 11.Nxf3  1/2-1/2

[Event "TCh-POL Ekstraliga"]
[Site "Lubniewice POL"]
[Date "2005.09.11"]
[Round "9"]
[White "Jaracz,B"]
[Black "Skrochocka,J"]
[Result "1-0"]
[WhiteElo "2251"]
[BlackElo "2064"]

1.e4 c5 2.Nf3 Nc6 3.Bb5 e6 4.Bxc6 bxc6 5.d3 Ne7 6.O-O Ng6 7.Ng5 Be7 8.Qh5 d6
9.Nc3 Bxg5 10.Bxg5 f6 11.Be3 O-O 12.f4 Qe7 13.Rf3 Re8 14.Rh3 Nf8 15.e5 d5
16.exf6 gxf6 17.Na4 d4 18.Bd2 Nd7 19.Nxc5 Nxc5 20.Bb4 Bb7 21.Bxc5 Qd7 22.Qh6 Qf7
23.Bxd4 Rf8 24.Bxf6  1-0

[Event "EYb18"]
[Site "Herceg Novi SCG"]
[Date "2005.09.14"]
[Round "1"]
[White "Khaiminov,A"]
[Black "Pavlov,S2"]
[Result "1-0"]
[WhiteElo "2224"]
[BlackElo "2459"]

1.e4 c5 2.Nf3 Nc6 3.Bb5 Nf6 4.Qe2 Qb6 5.Bxc6 Qxc6 6.Nc3 g6 7.d4 cxd4 8.Nxd4 Qb6
9.e5 Qxd4 10.Nb5 Qc5 11.exf6 a6 12.Nc3 e6 13.O-O b5 14.Be3 Qc6 15.Rfd1 b4
16.Nd5 Bb7 17.f3 Bd6 18.Nb6 Rd8 19.Qc4 Be5 20.Qxb4 Bxf6 21.Nc4 Be7 22.Nd6+ Bxd6
23.Rxd6 Qb5 24.Qxb5 axb5 25.Bg5 Ra8 26.Bf6 Rg8 27.Rad1 Bc6 28.h4 h6 29.f4 Bd5
30.a3 Rc8 31.Rd2 Rc6 32.Rxc6 dxc6 33.b3 Kd7 34.c4 bxc4 35.bxc4 Ra8 36.Bb2 Kd6
37.cxd5 exd5 38.Be5+ Ke6 39.Rc2 Ra6 40.Kf2 Kf5 41.Bd6 Kg4 42.g3 g5 43.hxg5 hxg5
44.fxg5 Kxg5 45.Ke3 Kf5 46.Kd4 Ke6 47.Bb4  1-0

[Event "EYb18"]
[Site "Herceg Novi SCG"]
[Date "2005.09.15"]
[Round "2"]
[White "Czarnota,P"]
[Black "Fruebing,S"]
[Result "1-0"]
[WhiteElo "2461"]
[BlackElo "2280"]

1.e4 c5 2.Nf3 Nc6 3.Bb5 g6 4.O-O Bg7 5.c3 Nf6 6.Qa4 O-O 7.d4 cxd4 8.cxd4 d6
9.Nc3 Bg4 10.d5 Nb8 11.Be2 Nbd7 12.h3 Nc5 13.Qc2 Bd7 14.Be3 Rc8 15.Nd2 b5
16.Qb1 b4 17.Nb5 Bxb5 18.Bxb5 Nfd7 19.Nb3 e6 20.Bc6 a5 21.Nxc5 Nxc5 22.Qc2 f5
23.exf5 Rxf5 24.Rac1 Nd7 25.Bxd7 Rxc2 26.Rxc2 Rf8 27.Rfc1 a4 28.Rc8 Qxc8
29.Rxc8 Rxc8 30.Bxc8 Bxb2 31.Bd7 b3 32.a3  1-0

[Event "EYb16"]
[Site "Herceg Novi SCG"]
[Date "2005.09.15"]
[Round "2"]
[White "De Groote,E"]
[Black "Papadopoulos,N"]
[Result "1-0"]
[WhiteElo "2200"]
[BlackElo "2055"]

1.e4 c5 2.Nf3 Nc6 3.Bb5 g6 4.Bxc6 dxc6 5.Nc3 Bg7 6.d3 e5 7.Be3 b6 8.h3 Ne7
9.Qd2 O-O 10.Bh6 Qd6 11.g4 Be6 12.O-O-O b5 13.Kb1 a5 14.Ne2 Rfb8 15.Bxg7 Kxg7
16.Ng3 b4 17.Qg5 Bxa2+ 18.Kxa2 f6 19.Qe3 a4 20.Nd2 b3+ 21.Kb1 bxc2+ 22.Kxc2 c4
23.dxc4 a3 24.b3 a2 25.Qc3 Ra3 26.Kb2  1-0

[Event "Geller mem Open A"]
[Site "Odessa UKR"]
[Date "2005.09.15"]
[Round "1"]
[White "Zavgorodniy,S"]
[Black "Fiodorov,M"]
[Result "1-0"]
[WhiteElo "2448"]
[BlackElo "2151"]

1.e4 c5 2.Nf3 Nc6 3.Bb5 g6 4.Bxc6 dxc6 5.d3 Bg4 6.Be3 Bg7 7.Nc3 Qa5 8.O-O Bxc3
9.bxc3 Qxc3 10.Rb1 b6 11.Rb3 Qf6 12.a4 Rd8 13.Qe2 e5 14.a5 c4 15.dxc4 c5
16.axb6 axb6 17.Rfb1 Rd6 18.h3 Bd7 19.Ra3 Ne7 20.Bh6 Rg8 21.Ng5 Nc8 22.Rf3 Bf5
23.exf5 gxf5 24.Ne4 Qxh6 25.Nxd6+ Qxd6 26.Rxf5 f6 27.Qh5+ Kf8 28.Rd1 Qe7
29.Qh6+ Kf7 30.Qxh7+ Rg7 31.Qh5+ Ke6 32.Rf3 Nd6 33.Qh4 Nf5 34.Qe4 Nd6 35.Qd5+ Kd7
36.Rfd3  1-0

[Event "ch-Arab"]
[Site "Dubai UAE"]
[Date "2005.09.16"]
[Round "5"]
[White "Belkhodja,S"]
[Black "Taleb,M"]
[Result "1-0"]
[WhiteElo "2468"]
[BlackElo "2508"]

1.e4 c5 2.Nf3 Nc6 3.Bb5 g6 4.Bxc6 dxc6 5.d3 Bg7 6.h3 e5 7.Be3 Qe7 8.O-O Nf6
9.Nc3 O-O 10.Qd2 Re8 11.Bh6 Nh5 12.Bxg7 Kxg7 13.Ne2 Qd6 14.Nh2 f6 15.Qc3 g5
16.Ng4 Bxg4 17.hxg4 Nf4 18.Ng3 Qd7 19.f3 b6 20.Kf2 Rh8 21.Rh1 Kg6 22.Nf5 h6
23.Rh2 Rh7 24.Rah1 Rah8 25.g3 Ne6 26.Qb3 Ng7 27.f4 exf4 28.gxf4 Nxf5 29.gxf5+ Kg7
30.Qc3 Qd4+ 31.Qxd4 cxd4 32.Kf3 h5 33.fxg5 fxg5 34.e5 c5 35.Rg1 g4+ 36.Kf4 Kf7
37.a4 Rg8 38.c3 Ke7 39.cxd4 cxd4 40.Rc1 Rd8 41.Rc7+ Rd7 42.Rhc2 Ke8 43.Rc8+ Rd8
44.e6 g3 45.f6 Rh6 46.Kf5  1-0

[Event "EYb16"]
[Site "Herceg Novi SCG"]
[Date "2005.09.16"]
[Round "3"]
[White "Vila Gazquez,Ja"]
[Black "Matsenko,S"]
[Result "1/2-1/2"]
[WhiteElo "2338"]
[BlackElo "2257"]

1.e4 c5 2.Nf3 Nc6 3.Bb5 e6 4.O-O Nge7 5.Nc3 a6 6.Bxc6 Nxc6 7.d4 cxd4 8.Nxd4 Qc7
9.Nxc6 bxc6 10.f4 Be7 11.e5 d6 12.exd6 Bxd6 13.Ne4 Be7 14.Be3 O-O 15.Qh5 f5
16.Ng5 Bxg5 17.Qxg5 c5 18.Bd2 Rf6 19.Qh5 Bb7 20.Rf2 Rg6 21.Qe2 Qc6 22.Bc3 Rd8
23.Be5 c4 24.h3 h5 25.Kh2 h4 26.Rg1 Qc5 27.Rgf1 Qc6 28.Rg1  1/2-1/2

[Event "ProMoPro Open"]
[Site "Prague CZE"]
[Date "2005.09.16"]
[Round "2"]
[White "Bilek,B"]
[Black "Prachar,J"]
[Result "1-0"]
[WhiteElo "1905"]
[BlackElo "2038"]

1.e4 c5 2.Nf3 Nc6 3.Bb5 g6 4.O-O Bg7 5.c3 Nf6 6.e5 Nd5 7.d4 cxd4 8.cxd4 O-O
9.Nc3 Nxc3 10.bxc3 d6 11.Bf4 a6 12.Be2 d5 13.h4 Bg4 14.Nh2 Bxe2 15.Qxe2 h6
16.Ng4 Kh7 17.Qd2 e6 18.g3 h5 19.Bg5 Qc7 20.Nf6+ Bxf6 21.exf6 e5 22.Bh6 Rg8
23.Bg7 Rxg7 24.fxg7 Kxg7 25.dxe5 Qxe5 26.Rfe1 Qf5 27.Qe3 Rd8 28.Rad1 Kh7
29.Kg2 Rd6 30.Qf3 Qd7 31.Re2 d4 32.Qf4 Rd5 33.cxd4 Rf5 34.Qe4 Ne5 35.f4 Ng4
36.d5 Nf6 37.Qf3 Qa4 38.Rdd2 Qb4 39.d6 Nd7 40.Qb3 Qa5 41.Qxb7 Nc5 42.Qc6 Rf6
43.Rc2 Ne6 44.Qc4 Qf5 45.Qe4 Qg4 46.f5 Nd4 47.Qxg4 hxg4 48.fxg6+ Kxg6 49.Rcd2 Rxd6
50.Re4 Nf5 51.Rxd6+ Nxd6 52.Rxg4+  1-0

[Event "ch-Arab"]
[Site "Dubai UAE"]
[Date "2005.09.17"]
[Round "6"]
[White "Belkhodja,S"]
[Black "Al Sayed,Mohamad"]
[Result "0-1"]
[WhiteElo "2468"]
[BlackElo "2478"]

1.e4 c5 2.Nf3 Nc6 3.Bb5 d6 4.d4 cxd4 5.Qxd4 Bd7 6.Bxc6 Bxc6 7.Nc3 Nf6 8.Bg5 e6
9.O-O-O Be7 10.Rhe1 Qa5 11.Nd5 Bxd5 12.exd5 Qxa2 13.Rd3 Qa1+ 14.Kd2 Qa5+
15.b4 Qa4 16.dxe6 O-O 17.exf7+ Rxf7 18.Bxf6 Bxf6 19.Qc4 a5 20.Re4 b5 21.Qc6 axb4
22.Rxd6 Raf8 23.Rd7 Qa8 24.Rd6 Bc3+ 25.Ke3 Qa7+ 26.Qb6 Qa3 27.Qxb5 Qc1+ 28.Ke2 Rxf3  0-1

[Event "EYb18"]
[Site "Herceg Novi SCG"]
[Date "2005.09.17"]
[Round "4"]
[White "Papin,V"]
[Black "Demeanciuc,S"]
[Result "1-0"]
[WhiteElo "2425"]
[BlackElo "2009"]

1.e4 c5 2.Nf3 Nc6 3.Bb5 g6 4.Bxc6 dxc6 5.d3 Bg7 6.h3 e5 7.Nc3 Qe7 8.Be3 Nf6
9.Qd2 O-O 10.Bh6 b6 11.O-O-O a5 12.Nh2 Nh5 13.Bxg7 Kxg7 14.Ne2 Be6 15.g4 Nf4
16.Nxf4 exf4 17.Kb1 Qd6 18.Nf3 Rad8 19.Rhg1 b5 20.h4 b4 21.h5 a4 22.b3 axb3
23.cxb3 Ra8 24.Qb2+ Kg8 25.h6 f6 26.g5 Qe7 27.gxf6 Rxf6 28.Rg5 Ra7 29.Rc1 Qd8
30.Ne5 Rf8 31.Nxg6 Qxg5 32.Qh8+  1-0

[Event "EYb18"]
[Site "Herceg Novi SCG"]
[Date "2005.09.17"]
[Round "4"]
[White "Czarnota,P"]
[Black "Lanin,A"]
[Result "1-0"]
[WhiteElo "2461"]
[BlackElo "2424"]

1.e4 c5 2.Nf3 Nc6 3.Bb5 d6 4.O-O Bd7 5.Re1 a6 6.Bf1 Bg4 7.h3 Bxf3 8.Qxf3 Nf6
9.c3 g6 10.d3 Bg7 11.Be3 O-O 12.Na3 b5 13.Nc2 Qa5 14.d4 cxd4 15.cxd4 Rac8
16.Bd3 Nd7 17.Qd1 e5 18.Be2 exd4 19.Nxd4 Nce5 20.a4 Qb4 21.axb5 axb5 22.Nxb5 Qxb2
23.Nxd6 Rc2 24.Rb1 Qa2 25.f4 Qa3 26.Bf1 Qc3 27.Nb5 Qa5 28.Nc3  1-0

[Event "Geller mem Open A"]
[Site "Odessa UKR"]
[Date "2005.09.17"]
[Round "3"]
[White "Miljutin,O"]
[Black "Lodochnikov,A"]
[Result "1-0"]
[WhiteElo "2171"]
[BlackElo "1910"]

1.e4 c5 2.Nf3 Nc6 3.Bb5 e6 4.Bxc6 bxc6 5.O-O d5 6.e5 g6 7.d3 Bg7 8.c4 Ne7
9.Nc3 Nf5 10.a4 Nd4 11.Re1 Qc7 12.Bf4 Qa5 13.b3 O-O 14.Rc1 Nxf3+ 15.Qxf3 dxc4
16.dxc4 Ba6 17.Qe3 Rfd8 18.Qxc5 Qc7 19.Qe3 Rd7 20.Ne4  1-0

[Event "Open"]
[Site "Bucharest ROM"]
[Date "2005.09.18"]
[Round "2"]
[White "Sanduleac,V"]
[Black "Grecescu,G"]
[Result "0-1"]
[WhiteElo "2480"]
[BlackElo "2332"]

1.e4 c5 2.Nf3 Nc6 3.Bb5 e6 4.Bxc6 bxc6 5.d3 f6 6.e5 Be7 7.O-O fxe5 8.Nxe5 Nf6
9.Nc3 O-O 10.Qe2 Qc7 11.f4 d6 12.Nc4 Bd7 13.Bd2 Rae8 14.a3 Nd5 15.Ne4 Nb6
16.Nxb6 axb6  0-1

[Event "EYb18"]
[Site "Herceg Novi SCG"]
[Date "2005.09.18"]
[Round "5"]
[White "Valeanu,E"]
[Black "Lovkov,R"]
[Result "1/2-1/2"]
[WhiteElo "2398"]
[BlackElo "2383"]

1.e4 c5 2.Nf3 Nc6 3.Bb5 e6 4.O-O Nge7 5.Re1 a6 6.Bxc6 Nxc6 7.d4 cxd4 8.Nxd4 d6
9.Nc3 Be7 10.Nxc6 bxc6 11.Na4 O-O 12.c4 c5 13.Qd3 Ra7 14.Be3 Qa5 15.Nc3 Rd7
16.Rad1 Bf6 17.Bd2 Qc7 18.Qg3 Bd4 19.Kh1 Bb7 20.f3 Bc6 21.b3 Rb8  1/2-1/2

[Event "Geller mem Open A"]
[Site "Odessa UKR"]
[Date "2005.09.18"]
[Round "4"]
[White "Daryev,S"]
[Black "Baranov,J"]
[Result "0-1"]
[WhiteElo "2087"]
[BlackElo "2268"]

1.e4 c5 2.Nf3 Nc6 3.Bb5 e6 4.O-O Nge7 5.Re1 a6 6.Bf1 d5 7.Nc3 d4 8.Na4 Ng6
9.b3 Be7 10.d3 e5 11.g3 O-O 12.Bg2 Bg4 13.h3 Be6 14.Ba3 b6 15.Qd2 Qc7 16.h4 Bg4
17.Nh2 Bd7 18.Nb2 b5 19.Nd1 Rac8 20.c4 bxc4 21.dxc4 a5 22.Nb2 Nb4 23.h5 Nh8
24.Bxb4 axb4 25.a4 bxa3 26.Rxa3 Rb8 27.Rea1 Rb7 28.Nd3 f6 29.Bf3 Rfb8 30.Bd1 Nf7
31.g4 Ng5 32.f3 g6 33.hxg6 hxg6 34.Ra6 Kg7 35.Qg2 Rh8 36.Ra8 Rxa8 37.Rxa8 Ra7
38.Rxa7 Qxa7 39.Qd2 Qa1 40.Kg2 Bc6 41.Qe2 Ne6 42.Nf1 Kf7 43.Ng3 Bf8 44.Qd2 Kg7
45.Kf2 Kh7 46.Qc1 Qa5 47.Qb2 Bh6 48.b4 cxb4 49.Nxb4 Be3+ 50.Kf1 Qb6 51.Qh2+ Kg7
52.Nd3 Qb1 53.Qc2 Qa1 54.Ne2 Qa5 55.Nec1 Qa3 56.Ke2 Bxc1 57.Nxc1 d3+ 58.Nxd3 Nd4+
59.Kd2 Nxc2 60.Bxc2 Qa5+ 61.Kc1 Qc3 62.Nb2 Qxf3 63.g5 fxg5 64.Nd3 Bxe4 65.Ne1 Qc3  0-1

[Event "Open"]
[Site "Bucharest ROM"]
[Date "2005.09.20"]
[Round "5"]
[White "Svetushkin,D"]
[Black "Raceanu,V"]
[Result "1-0"]
[WhiteElo "2514"]
[BlackElo "2406"]

1.e4 c5 2.Nf3 Nc6 3.Bb5 g6 4.Bxc6 dxc6 5.d3 Bg7 6.h3 Nf6 7.Nc3 Nd7 8.Be3 e5
9.O-O Qe7 10.Nd2 O-O 11.f4 exf4 12.Bxf4 Ne5 13.Nf3 Nxf3+ 14.Qxf3 Be6 15.Qg3 Qd7
16.Bd6 Bd4+ 17.Kh1 Rfd8 18.e5 Bxc3 19.bxc3 c4 20.Qh4 Re8 21.Rf6 c5 22.Raf1 Rac8
23.dxc4 b6 24.R6f4 h5 25.R1f3 f5 26.Rg3 Qg7 27.Rg5 Kf7 28.Rf3 Rh8 29.Rfg3 Rh6
30.Rxh5  1-0

[Event "EYg18"]
[Site "Herceg Novi SCG"]
[Date "2005.09.20"]
[Round "6"]
[White "Czarnota,D"]
[Black "Djukic,Sa"]
[Result "1/2-1/2"]
[WhiteElo "2238"]
[BlackElo "2095"]

1.e4 c5 2.Nf3 Nc6 3.Bb5 Qc7 4.O-O a6 5.Bxc6 Qxc6 6.Nc3 e6 7.Re1 Ne7 8.d4 cxd4
9.Nxd4 Qc4 10.a4 Ng6 11.Nf5 f6 12.Nd6+ Bxd6 13.Qxd6 Qc6 14.Qb4 Ne7 15.b3 Kf7
16.Ba3 Re8 17.a5 Rb8 18.Rad1 b5 19.axb6 Qxb6 20.Qc4 Qc6 21.Qd3 Ng6 22.Bd6 Rb7
23.Re3 Ne5 24.Qe2 Kg8 25.Bxe5 fxe5 26.Qh5 Rf8 27.Qxe5 Rb6 28.Red3 Rb4 29.Rg3 Rf7
30.Rdd3 Rb7 31.h4 Qc7 32.Qg5 Qf4 33.Qxf4 Rxf4 34.Rg5 Rc7 35.g3 Rf8 36.Ra5 Bb7
37.Ra3 d5 38.exd5 exd5 39.Ra2 d4 40.Ne2 Re8 41.Kf1 Rce7 42.c4 dxc3 43.Rxc3 Rd8
44.f3 Red7 45.Kf2 Rd3 46.Rac2 R3d6 47.g4 h6 48.h5 Rd3 49.Nf4 Rxc3 50.Rxc3 Rd7
51.Ne6 Kf7 52.Nd8+ Ke7 53.Nxb7 Rxb7 54.Ke3 Kf6 55.Kd3 Ke5 56.Ke3 Rb4 57.Rd3 a5
58.Rc3 a4 59.bxa4 Rxa4 60.Rc7 Kf6  1/2-1/2

[Event "EYb16"]
[Site "Herceg Novi SCG"]
[Date "2005.09.20"]
[Round "6"]
[White "Krivoborodov,E"]
[Black "Hasanov,Sh"]
[Result "1/2-1/2"]
[WhiteElo "2390"]
[BlackElo "2229"]

1.e4 c5 2.Nf3 Nc6 3.Bb5 g6 4.Bxc6 dxc6 5.h3 e5 6.d3 f6 7.Be3 Nh6 8.Nc3 Nf7
9.O-O g5 10.Nh2 h5 11.a3 Be6 12.Qe2 Rh7 13.Rfb1 Nh8 14.b4 cxb4 15.axb4 Ng6
16.Bxa7 Nf4 17.Qd1 Rg7 18.Nf1 Qd7 19.Bb6 Rxa1 20.Rxa1 Bxh3 21.Ra8+ Kf7 22.Rd8 Qe6
23.Ne3 Bxb4 24.Na4 Bxg2 25.Nxg2 Qh3 26.Ne3 Qh4 27.Rd7+ Kf8 28.Ng2 Qh3 29.Nxf4 exf4
30.Rd8+ Kf7  1/2-1/2

[Event "4th Kesarovski - Georgiev Memorial"]
[Site "Sunny Beach BUL"]
[Date "2005.09.20"]
[Round "5"]
[White "Karadimov,M"]
[Black "Panajotov,J"]
[Result "0-1"]
[WhiteElo "2120"]
[BlackElo "2302"]

1.e4 c5 2.Nf3 Nc6 3.Bb5 Qc7 4.c3 a6 5.Ba4 Nf6 6.Bc2 d5 7.d3 Bg4 8.Nbd2 e6
9.h3 Bh5 10.Nf1 Rd8 11.Qe2 d4 12.g4 Bg6 13.c4 Bd6 14.Bd2 Qb8 15.a4 Bf4 16.a5 Bxd2+
17.Qxd2 Nb4 18.Ba4+ Ke7 19.Ng3 Qf4 20.Nh4 h5 21.Nxg6+ fxg6 22.g5 Nh7 23.h4 Rhf8
24.Rh2 Rf7 25.Rd1 Qc7 26.Ra1 Qxa5 27.Kf1 Rf3 28.Ra3 Qc7 29.Bd1 Qxg3 30.Rg2 Qf4
31.Qe2 Rh3 32.Kg1 Qxh4  0-1

[Event "Open"]
[Site "Bucharest ROM"]
[Date "2005.09.23"]
[Round "8"]
[White "Nevednichy,V"]
[Black "Murariu,A"]
[Result "1-0"]
[WhiteElo "2583"]
[BlackElo "2435"]

1.e4 c5 2.Nf3 Nc6 3.Bb5 d6 4.Bxc6+ bxc6 5.O-O e5 6.c3 f5 7.exf5 Bxf5 8.d4 cxd4
9.cxd4 e4 10.Re1 d5 11.Ne5 Rc8 12.Nc3 Nf6 13.f4 Bd6 14.h3 h5 15.Be3 Nd7 16.Rc1 g5
17.Rf1 g4 18.hxg4 hxg4 19.g3 Nf6 20.Kg2 Rc7 21.Qa4 Qc8 22.Nd1 Nd7 23.b3 Nb6
24.Qa5 Rch7 25.Bg1 Bxe5 26.fxe5 e3 27.Nxe3 Be4+ 28.Kf2 O-O+ 29.Ke2 Bf3+ 30.Kd2 Rc7
31.Rc2 c5 32.Rxc5 Rxc5 33.dxc5 Nd7 34.Nc2 Nxe5 35.Nd4 Qb7 36.Qb5 Qh7 37.Qa6 Re8
38.Kc3 Nd7 39.Qxa7 Be2 40.Rf5 Rc8 41.Rg5+ Kf8 42.Nxe2  1-0

[Event "4th Kesarovski - Georgiev Memorial"]
[Site "Sunny Beach BUL"]
[Date "2005.09.23"]
[Round "8"]
[White "Bozov,A"]
[Black "Jordanov,Nikolay"]
[Result "1-0"]
[WhiteElo "2091"]
[BlackElo "2257"]

1.e4 c5 2.Nf3 Nc6 3.Bb5 d6 4.O-O e5 5.c3 Bg4 6.h3 Bxf3 7.Qxf3 Qf6 8.Qe2 Ne7
9.Na3 O-O-O 10.d3 Ng6 11.Bxc6 bxc6 12.d4 d5 13.Qa6+ Kb8 14.dxe5 Nxe5 15.f4 Nd7
16.e5 Qe6 17.f5 Qe8 18.e6 Nb6 19.Bg5 Be7 20.Bxe7 Qxe7 21.Rae1 Rhf8 22.Qd3 fxe6
23.Rxe6 Qc7 24.Rfe1 Rf7 25.b3 Kb7 26.Nc2 Qf4 27.Rf1 Qc7 28.Qe3 Nd7 29.b4 Nf8
30.Re5 Nd7 31.Re7 Rxe7 32.Qxe7 Nf6 33.Qxc5 Qb6 34.Nd4 Qxc5 35.bxc5 Ka8 36.Ne6 Rd7
37.g4 h6 38.Rb1 Ne4 39.Rb3 Nd2 40.Rb2 Ne4 41.Rc2 Kb7 42.Kg2 Kc8 43.h4 Rf7
44.Kf3 h5 45.Ng5 hxg4+ 46.Kxg4 Nf6+ 47.Kf4 Re7 48.Ne6 Rf7 49.Rg2 Ne8 50.Ke5 Re7
51.h5 Kd7 52.Rg6 Kc8 53.h6 gxh6 54.Rxh6 Kd7 55.Rh8 Rf7 56.Rh6 Re7 57.Rh2 Rf7
58.Rb2 Kc8 59.Rb4 Rh7 60.Rg4 Rf7 61.Rg8 Kd7 62.Rf8 Rh7 63.a4 Re7 64.Rg8 Rf7
65.Nf8+ Kd8 66.Ng6 Kd7 67.Kf4 Kd8 68.Ne5 Rh7 69.f6 Rh4+ 70.Kg3  1-0

[Event "4th Kesarovski - Georgiev Memorial"]
[Site "Sunny Beach BUL"]
[Date "2005.09.23"]
[Round "8"]
[White "Nikolova,A"]
[Black "Kacakovski,D"]
[Result "1-0"]
[WhiteElo "2035"]
[BlackElo "2213"]

1.e4 c5 2.Nf3 Nc6 3.Bb5 Nd4 4.Nxd4 cxd4 5.O-O e6 6.c3 Nf6 7.Qe2 Bc5 8.b4 Be7
9.e5 Nd5 10.Qg4 O-O 11.Qxd4 a5 12.bxa5 Rxa5 13.a4 f6 14.Ba3 fxe5 15.Qxe5 d6
16.Qg3 Nf4 17.Kh1 b6 18.Qe3 e5 19.Bb4 Bb7 20.f3 Ra8 21.d4 Bg5 22.Qe1 exd4
23.cxd4 Qf6 24.Qf2 Bh4 25.Qd2 Bg5 26.Qf2 Bh4 27.Qd2 Bg5 28.Qf2 Bh4 29.Qd2 Qh6
30.Kg1 Qg5 31.Bxd6 Nh3+ 32.Kh1 Qg6 33.Bxf8 Rxf8 34.Nc3 Nf4 35.d5 Qh5 36.Kg1 Qg6
37.Bc6 Bc8 38.Kh1 Qh5 39.Ne4 Bf5 40.Qxf4 Bg6 41.Qg4 Qxg4 42.fxg4 Bxe4 43.Rxf8+ Kxf8
44.Rf1+ Ke7 45.d6+  1-0

[Event "2nd Highlands Open A"]
[Site "Havlickuv Brod CZE"]
[Date "2005.09.25"]
[Round "2"]
[White "Jackova,J"]
[Black "Bujnoch,R"]
[Result "1-0"]
[WhiteElo "2386"]
[BlackElo "2210"]

1.e4 c5 2.Nf3 Nc6 3.Bb5 g6 4.Bxc6 dxc6 5.d3 Bg7 6.h3 Nf6 7.Nc3 O-O 8.Be3 b6
9.Bf4 Ne8 10.Qd2 Nc7 11.Bh6 Re8 12.Bxg7 Kxg7 13.Ne5 f6 14.Ng4 e5 15.Qh6+ Kg8
16.f4 Bxg4 17.hxg4 Qe7 18.g5 fxg5 19.f5 Qg7 20.Qxg5 gxf5 21.Qxg7+ Kxg7 22.exf5 Nd5
23.Ne4 Ne3 24.Kd2 Nxf5 25.Rh5 Nh6 26.Rah1 Re6 27.Kc3 Rae8 28.g4 Rh8 29.Rg5+ Kf8
30.Rf1+ Ke8 31.Nf6+ Kd8 32.Rh5 Ng8 33.Nxh7 Re7 34.Rf8+ Kc7 35.Ng5 Rxh5 36.gxh5 Nh6
37.Rh8  1-0

[Event "Iranian Super League"]
[Site "Iran IRI"]
[Date "2005.09.29"]
[Round "10"]
[White "Toufighi,H"]
[Black "Ghorbani,M"]
[Result "1-0"]
[WhiteElo "2194"]
[BlackElo "2340"]

1.e4 c5 2.Nf3 Nc6 3.Bb5 g6 4.O-O Bg7 5.Re1 Nf6 6.e5 Nd5 7.Nc3 Nc7 8.Bxc6 dxc6
9.h3 O-O 10.d3 Be6 11.Be3 b6 12.Qd2 Bd5 13.Nxd5 cxd5 14.Bh6 Qd7 15.Re2 Ne6
16.c3 Rac8 17.Rae1 Rfd8 18.Bxg7 Kxg7 19.Ng5 b5 20.f4 d4 21.f5 gxf5 22.Rf2 dxc3
23.bxc3 h6 24.Nxf7 Kxf7 25.Qxh6 Rf8 26.Rxf5+ Ke8 27.Rxf8+ Nxf8 28.Rf1 Kd8
29.Rxf8+ Kc7 30.Rxc8+ Kxc8 31.Qe3 Qd5 32.Qe4 Qxa2 33.Qc6+ Kd8 34.Qxc5 Qb1+
35.Kh2 Qxd3 36.Qxa7 Qc4 37.Qe3 Ke8 38.Kg3 Qg8+ 39.Kf2 Qa2+ 40.Qe2 Qb3 41.g4 Qxc3
42.Qxb5+ Kf8 43.Qe2 Qd4+ 44.Qe3 Qb2+ 45.Kg3 Qb1 46.Qf4+ Ke8 47.g5 Qd3+ 48.Kh4 Qg6
49.Kg4 Qd3 50.Qf5 Qe2+ 51.Kh4 Qc4+ 52.Kh5 Qe2+ 53.Kg6 Kd8 54.h4 Qc4 55.e6 Qb4
56.h5 Kc7 57.Kf7 Qa4 58.g6 Qc6  1-0

[Event "Iranian Super League"]
[Site "Iran IRI"]
[Date "2005.09.30"]
[Round "11"]
[White "Aryanejad,H"]
[Black "Alizadeh,G"]
[Result "1-0"]
[WhiteElo "2288"]
[BlackElo "2240"]

1.e4 c5 2.Nf3 Nc6 3.Bb5 g6 4.O-O Bg7 5.c3 Nf6 6.Re1 O-O 7.d4 d5 8.exd5 Nxd5
9.dxc5 Bg4 10.Be2 a5 11.h3 Bf5 12.Na3 e5 13.Bc4 Nc7 14.Qb3 Rb8 15.Bg5 Qc8
16.Qb6 Ne6 17.Nb5 Nxg5 18.Nxg5 h6 19.Nd6 Qd7 20.Ndxf7 Rxf7 21.Nxf7 Kh7 22.Rad1 Qe7
23.Nd6 e4 24.Nxf5 gxf5 25.Bb5 Ne5 26.Kh1 Qh4 27.c6 Ng4 28.Rf1 e3 29.Qc5 Be5
30.Rd7+ Kh8 31.Qe7 Qxe7 32.Rxe7 bxc6 33.hxg4 Rxb5 34.fxe3  1-0

[Event "Iranian Super League"]
[Site "Iran IRI"]
[Date "2005.09.30"]
[Round "11"]
[White "Mamedov,Nid"]
[Black "Mallahi,A"]
[Result "1/2-1/2"]
[WhiteElo "2463"]
[BlackElo "2419"]

1.e4 c5 2.Nf3 Nc6 3.Bb5 g6 4.O-O Bg7 5.Bxc6 dxc6 6.h3 Nf6 7.Nc3 O-O 8.d3 Nd7
9.Be3 e5 10.Qd2 Re8 11.Kh1 b6 12.Nh2 Nf8 13.f4 exf4 14.Bxf4 a5 15.Bg5 f6
16.Bh4 Qd6 17.e5 fxe5 18.Ne4 Qc7 19.Nf6+ Bxf6 20.Bxf6 Qd6 21.Qg5 Ra7 22.Rae1 Rf7
23.Bxe5 Qd5 24.Rxf7 Qxf7 25.Qh6 Bf5 26.Nf3 Re7 27.Bc3 Rxe1+ 28.Nxe1 Be6 29.Qg5 Qf5
30.Qe7 Qf7 31.Qd6 Bd5 32.Qe5 Qf1+ 33.Kh2 Kf7 34.Qc7+ Ke8 35.Qxb6 Qf4+ 36.Kh1 Ne6
37.Qb7 Qe3 38.Kh2 Qf4+ 39.Kg1 Qe3+ 40.Kf1 Nf4 41.Qb8+ Kd7 42.Qe5 Bxg2+ 43.Nxg2 Qf3+
44.Ke1 Nxg2+ 45.Kd2 Qf2+ 46.Qe2 Qf4+ 47.Kd1 Ne3+ 48.Ke1 a4 49.Kd2 Nd5+ 50.Kd1 a3
51.Bh8 Ne3+ 52.Ke1 axb2 53.Bxb2 Nd5 54.Be5 Qh4+ 55.Qf2 Qxh3 56.Qxc5 Qh1+
57.Kf2 Qh6 58.Ke1 Qc1+ 59.Ke2 Ne7 60.a4 Qg5 61.a5 Qg2+ 62.Kd1 Qg4+ 63.Kc1 Qa4
64.c4 h5 65.Bb2 h4 66.Qd4+ Ke8 67.Qxh4 Qxa5  1/2-1/2

[Event "FSGM October"]
[Site "Budapest HUN"]
[Date "2005.10.01"]
[Round "1"]
[White "Fogarasi,T"]
[Black "Czebe,A"]
[Result "1/2-1/2"]
[WhiteElo "2482"]
[BlackElo "2497"]

1.e4 c5 2.Nf3 Nc6 3.Bb5 g6 4.Bxc6 dxc6 5.d3 Bg7 6.h3 Nf6 7.Nc3 Nd7 8.Be3 e5
9.Qd2 h6 10.O-O Qe7 11.Nh2 Nf8 12.f4 exf4 13.Bxf4 Ne6 14.Bg3 Nd4 15.e5 Bf5
16.Nf3 O-O-O  1/2-1/2

[Event "Open A"]
[Site "Hamburg GER"]
[Date "2005.10.01"]
[Round "1"]
[White "Schlawin,M"]
[Black "Langmann,C"]
[Result "1-0"]
[WhiteElo "2298"]
[BlackElo "1983"]

1.e4 c5 2.Nf3 Nc6 3.Bb5 Qb6 4.Nc3 e6 5.O-O g6 6.Bxc6 Qxc6 7.d4 d6 8.dxc5 dxc5
9.Ne5 Qd6 10.Bf4 f6 11.Nb5 Qb6 12.a4 a6 13.Nc4 Qc6 14.Nc7+ Kf7 15.Nxa8 e5
16.Bxe5 Be6 17.Nab6  1-0

[Event "Open A"]
[Site "Hamburg GER"]
[Date "2005.10.01"]
[Round "1"]
[White "Duemmke,J"]
[Black "Halkias,S"]
[Result "0-1"]
[WhiteElo "2106"]
[BlackElo "2540"]

1.e4 c5 2.Nf3 Nc6 3.Bb5 d6 4.Bxc6+ bxc6 5.O-O e5 6.d3 Be7 7.Nbd2 f5 8.c3 Nf6
9.Qb3 Qb6 10.Qc2 O-O 11.Nc4 Qc7 12.Bg5 Kh8 13.Bxf6 Bxf6 14.Ne3 f4 15.Nc4 g5
16.b4 g4 17.Nfd2 d5 18.Nb2 f3 19.c4 d4 20.Nb3 Qf7 21.b5 Qh5 22.Rfb1 Bg5 23.Qd1 fxg2
24.Kxg2 Rxf2+  0-1